Normal view
MARC view
- RICHTMYER, F. K,KENNARD, E. H
Entry Personal Name
001 - CONTROL NUMBER
- control field: 78510
003 - CONTROL NUMBER IDENTIFIER
- control field: NUST
005 - DATE AND TIME OF LATEST TRANSACTION
- control field: 20210628210213.0
008 - FIXED-LENGTH DATA ELEMENTS
- fixed length control field: 210628|| aca||aabn | a|a d
040 ## - CATALOGING SOURCE
- Original cataloging agency: NUST
- Transcribing agency: NUST
100 ## - HEADING--PERSONAL NAME
- Personal name: RICHTMYER, F. K,KENNARD, E. H
670 ## - SOURCE DATA FOUND
- Source citation: Work cat.: (NUST): RICHTMYER, F. K,KENNARD, E. H, INTRODUCTION TO MODERN PHYSICS, 1969
